Junior dictionary

Bibliographic Details
Main Author: Leaney, Cindy
Format: Book
Published: Essex : Miles Kelly Publishing Ltd. , 2004
Subjects:

MARC

LEADER 00000cam a2200000 7i4500
001 0000164693
005 20121120.0
020 |a 1842364189 
020 |a 9781842364185 
090 0 0 |a 421   |b LEA 
100 1 |a Leaney, Cindy 
245 1 0 |a Junior dictionary   |c Cindy Leaney 
260 |a Essex :   |b Miles Kelly Publishing Ltd. ,   |c 2004 
300 |a p.v. :   |b ill. ;   |c 18cm. 
650 0 0 |a Dictionaries   |x Juvenile literature 
650 0 0 |a English   |x Dictionary 
999 |a 00266097   |b BUKU   |c JUNIOR REFERENCE   |e PERPUSTAKAAN KOMUNITI PETALING JAYA